Statistics for Bakerloo Underground Stations

Click here to take the quiz!

General Stats

  • This quiz has been taken 7 times
  • The average score is 6 of 25

Answer Stats

Station% Correct
Baker Street
57%
Elephant and Castle
57%
Waterloo
57%
Embankment
29%
Harlesden
29%
Kenton
29%
Kilburn Park
29%
Marylebone
29%
Paddington
29%
Queen's Park
29%
South Kenton
29%
Stonebridge Park
29%
Wembley Central
29%
Willesden Junction
29%
Edgware Road
14%
Harrow and Wealdstone
14%
Kensal Green
14%
Lambeth North
14%
North Wembley
14%
Oxford Circus
14%
Piccadilly Circus
14%
Warwick Avenue
14%
Charling Cross
0%
Malda Vale
0%
Regent's Park
0%

Score Distribution

Percentile by Number Answered

Percent of People with Each Score

Your Score History

You have not taken this quiz